Statistiken für Bezirke Niederösterreichs

Klicken Sie hier um das Quiz zu spielen!

Allgemein

  • Dieses Quiz wurde 336 mal gespielt
    (297 seit der letzten Aktualisierung)
  • Das Durchschnittsergebnis liegt bei 19 aus 24

Antworten auf der Karte

Die Antworten werden auf der Karte rot bzw. grün angezeigt, abhängig davon wie oft sie richtig erraten wurden.
 

Antwortstatistiken

Bezirk% Korrekt
St. Pölten
95%
St. Pölten-Land
95%
Wiener Neustadt
93%
Wiener Neustadt-Land
93%
Krems an der Donau
88%
Krems-Land
88%
Amstetten
86%
Gänserndorf
81%
Tulln
81%
Baden
80%
Korneuburg
80%
Mödling
80%
Waidhofen an der Thaya
80%
Waidhofen an der Ybbs
80%
Horn
79%
Mistelbach
78%
Zwettl
78%
Hollabrunn
74%
Lilienfeld
74%
Melk
74%
Gmünd
73%
Bruck an der Leitha
68%
Scheibbs
64%
Neunkirchen
62%

Verteilung der Resultate

Perzentil nach korrekt beantworteten Fragen

Anzahl Personen mit jedem Resultat

Ihre Resultats-Entwicklung

Sie haben dieses Quiz seit der letzten Aktualisierung nicht gespielt